| 000 | 01019nas a2200289 4500 | ||
|---|---|---|---|
| 001 | BR9301290 | ||
| 003 | BR-BrBNA | ||
| 005 | 20231205093613.0 | ||
| 007 | ta | ||
| 008 | 230509b bl.|||p| |||| 00| 00por d | ||
| 040 |
_aBR-BrBNA _bpor _cBiblioteca Nacional de Agricultura |
||
| 041 | _a(Pt) | ||
| 072 | _aL52 | ||
| 100 | 1 | _aCastillo, A.M. | |
| 100 | 1 | _aValadares Filho, S. de C. | |
| 100 | 1 | _aSilva, J.F.C. da | |
| 100 | 1 | _aLeao, M.I. | |
| 100 | 1 | _aCastro, A.C.G. | |
| 245 | 1 |
_aDegradabilidade ruminal da materia seca e da proteina bruta de alimentos, utilizando-se a tecnica dos sacos de nailon, em vacas gestantes alimentadas com feno (80)e concentrados (20) _b(Parte da tese) |
|
| 650 | _aMateria Seca | ||
| 650 | _aProteina Bruta | ||
| 650 | _aVaca Leiteira | ||
| 650 | _aContaminacao Bacteriana | ||
| 773 | 0 |
_tRevista da Sociedade Brasileira de Zootecnia (Brazil) _xISSN 0100-4859 _g(Jan-Feb 1993), v. 22(1) p. 89-98 _wBR9301290 |
|
| 909 |
_a202311 _bLúcia _c55 _dLúcia Elande |
||
| 942 |
_2AGRIS _n0 _cANA |
||
| 999 |
_c139414 _d139414 |
||